| 000 | 00431nam a22001697a 4500 | ||
|---|---|---|---|
| 999 |
_c523666 _d523666 |
||
| 003 | NUST | ||
| 038 | _awaseem | ||
| 082 |
_a297.63 _bJAW |
||
| 100 |
_aJawad, Yasir _914440 |
||
| 245 |
_aSirat-Ul-Nabi / _cYasir Jawad |
||
| 260 |
_aLahore : _bSarang Publications, _cN.D. |
||
| 300 | _a480 p. ; | ||
| 500 | _aHardcover. | ||
| 880 |
_6245-02\r _aسیرت النبیﷺ / |
||
| 880 |
_6100-02\r _a یاسر جواد |
||
| 942 |
_2ddc _cBK |
||